| 000 | 00355nam a2200133 4500 | ||
|---|---|---|---|
| 999 |
_c12497 _d12497 |
||
| 003 | OSt | ||
| 005 | 20240118105609.0 | ||
| 008 | 240118b ||||| |||| 00| 0 eng d | ||
| 100 | _aRoger yeeand karen | ||
| 245 | _aCorporate design the interior design and architecture of corporate america | ||
| 260 | _bThames and Hudson | ||
| 300 | _a240 | ||
| 942 | _2ddc | ||